How India votes : (Record no. 142848)

MARC details
000 -LEADER
fixed length control field 00734nam a22002177a 4500
005 - DATE AND TIME OF LATEST TRANSACTION
control field 20170726110028.0
010 ## - LCCN (DPL NO)
LC control number ENG-119400
020 ## - INTERNATIONAL STANDARD BOOK NUMBER
International Standard Book Number 9789350358672
Terms of availability 2250.00
035 ## - SYSTEM CONTROL NUMBER
System control number EN-102932
037 ## - SOURCE OF ACQUISITION
Source of stock number/acquisition DBAD/PUB
082 ## - DEWEY DECIMAL CLASSIFICATION NUMBER
Classification number 342.5407
100 ## - MAIN ENTRY--PERSONAL NAME
Personal name Rama Devi, V. S.
245 ## - TITLE STATEMENT
Title How India votes :
Remainder of title election laws, practice and procedure /
Statement of responsibility, etc by V. S. Rama Devi [and] S. K. Mendiratta ; foreworded by V.S. Sampath
250 ## - EDITION STATEMENT
Edition statement 4th ed
260 ## - PUBLICATION, DISTRIBUTION, ETC. (IMPRINT)
Place of publication, distribution, etc Gurgaon
Name of publisher, distributor, etc Lexis Nexis
Date of publication, distribution, etc 2017
270 ## - ADDRESS
Address 14th floor, Building No 10, Tower-B, DLF Cyber City, Phase-ll,
City Gurgaon
Postal code 122002
300 ## - PHYSICAL DESCRIPTION
Extent Ixiv,1767p.
Dimensions 25cm(Hb)
500 ## - GENERAL NOTE
General note Includes index
700 ## - ADDED ENTRY--PERSONAL NAME
Personal name Mendiratta, S. K.
942 ## - ADDED ENTRY ELEMENTS (KOHA)
Source of classification or shelving scheme Dewey Decimal Classification
Item type English Books
Call number suffix RAM
Classification part 342.5407
Holdings
Withdrawn status Lost status Not for loan Collection code Home library Current library Date acquired Source of acquisition Cost, normal purchase price Full call number Barcode Copy number Cost, replacement price Koha item type
      Reference Central Library Central Library 26/07/2017 DBAD/PUB 2250.00 342.5407 RAM EN-102932 1 2250.00 English Books

© Delhi Public Library
Hit Counter
free hit counter